| 000 | 00327nam a2200133Ia 4500 | ||
|---|---|---|---|
| 999 |
_c12096 _d12096 |
||
| 082 | _aTA.0096 | ||
| 100 | _aAgarwal, S. | ||
| 245 | 0 | _aCo-operative dairies and their future in India | |
| 260 |
_c1972 _bAgra University |
||
| 300 | _a320 | ||
| 650 |
_aDairying, cooperative _zIndia |
||
| 710 | _aAgarwal, S.N. | ||
| 942 |
_cTH _2ddc |
||